|
|
|
|
| LEADER |
01020nam a22003017a 4500 |
| 001 |
34589 |
| 003 |
BD-DhAAL |
| 005 |
20190416144307.0 |
| 008 |
190405t1989 ii 000 1 eng |
| 999 |
|
|
|c 40651
|d 40651
|
| 010 |
|
|
|a 89904607
|
| 020 |
|
|
|a 0140127232
|c Rs55.00
|
| 020 |
|
|
|a 9780140127232
|
| 025 |
|
|
|a I E 60575
|
| 040 |
|
|
|a DLC
|c DLC
|d DLC
|d BD-DhAAL
|
| 050 |
0 |
0 |
|a MLCS 89/00040 (P)
|
| 082 |
|
|
|a 823
|2 21
|
| 100 |
1 |
|
|a Deshpande, Shashi.
|9 31220
|
| 245 |
1 |
0 |
|a That long silence /
|c Shashi Deshpande.
|
| 260 |
|
|
|a New Delhi ;
|a New York, N.Y., U.S.A. :
|b Penguin Books,
|c 1989.
|
| 300 |
|
|
|a 196 pages ;
|c 20 cm.
|
| 500 |
|
|
|a Novel.
|
| 526 |
|
|
|a ENH
|
| 541 |
|
|
|a Hye Trade International
|e 34589
|
| 651 |
|
0 |
|a India
|x Fiction.
|9 31221
|
| 852 |
|
|
|a Ayesha Abed Library
|c General Stacks
|
| 942 |
|
|
|2 ddc
|c BK
|
| 952 |
|
|
|0 0
|1 0
|2 ddc
|4 0
|6 823_000000000000000_DES
|7 0
|9 65335
|a BRACUL
|b BRACUL
|c GEN
|d 2019-03-25
|e Hye Trade International
|g 588.00
|l 12
|m 80
|o 823 DES
|p 3010034589
|r 2025-11-12
|s 2025-08-25
|t 1
|v 588.00
|w 2019-03-25
|y BK
|